00887 a2200217 4500001000700000020001800007040003200025100001600057245004500073250001300118260001900131300003300150362000900183490003800192520033400230650001800564650002600582650001200608650002400620650002500644120086 a9781408315231 cEscola Canadense de Niteroi aBlade, Adam10aBeast Quest: Doomskull the king of fear  a1st. ed. aUnited Kingdom a128 p.c3 x 0.4 x 7.8 inches0 a20140 aBeast Quest: master of the beasts aBattle fearsome beasts and fight evil with Tom and Elenna in the bestselling adventure series for boys and girls aged 7 and up. Doomskull the King of Fear, Malvel's most terrifying Beast yet, has kidnapped King Hugo! If Tom fails to save him, Avantia is doomed. Tom must fight harder than he has ever done before to win the day! 4aGood and evil 4aChildren's Literature 4aFantasy 4aAction or Adventure 4aQuests (Expeditions)